Movies Quiz

Random Movies Quiz
Score 0/35 Timer 17:00
0 Plays Today
% Correct
Scene 35
83.3%
Scene 30
58.3%
Scene 32
58.3%
Scene 7
50%
Scene 27
50%
Scene 2
41.7%
Scene 3
41.7%
Scene 4
41.7%
Scene 11
41.7%
Scene 12
41.7%
Scene 18
41.7%
Scene 19
41.7%
Scene 33
41.7%
Scene 34
41.7%
Scene 1
33.3%
Scene 9
33.3%
Scene 14
33.3%
Scene 29
33.3%
% Correct
Scene 31
33.3%
Scene 5
25%
Scene 6
25%
Scene 8
25%
Scene 10
25%
Scene 13
25%
Scene 15
25%
Scene 16
25%
Scene 20
25%
Scene 22
25%
Scene 23
25%
Scene 25
25%
Scene 28
25%
Scene 17
16.7%
Scene 21
16.7%
Scene 24
16.7%
Scene 26
8.3%
Remove Ads.
Support Sporcle.
Get the best of Sporcle when you Go Orange. This ad-free experience offers more features, more stats, and more fun while also helping to support Sporcle. Thank you for becoming a member.

You're not logged in!

Compare scores with friends on all Sporcle quizzes.
OR
Log In

Sporcle TV

Today on Sporcle TV


Watch our educational content, quiz creation guides, and fun videos on Sporcle TV.

Show Comments

Extras

Top Quizzes Today


Score Distribution

Paid Content

Your Account Isn't Verified!

In order to create a playlist on Sporcle, you need to verify the email address you used during registration. Go to your Sporcle Settings to finish the process.

Report this User

Report this user for behavior that violates our Community Guidelines.

Details: